Biological control of plant pathogens (Record no. 36854)

MARC details
000 -LEADER
fixed length control field 00317nam a2200121Ia 4500
082 ## - DEWEY DECIMAL CLASSIFICATION NUMBER
Classification number 632.937
Item number BAK
100 ## - MAIN ENTRY--AUTHOR NAME
Personal name Baker, K F
245 #0 - TITLE STATEMENT
Title Biological control of plant pathogens
260 ## - PUBLICATION, DISTRIBUTION, ETC. (IMPRINT)
Place of publication San Francisco
Name of publisher Freeman
Year of publication 1974
650 ## - SUBJECT ADDED ENTRY--TOPICAL TERM
Topical Term Biological control
942 ## - ADDED ENTRY ELEMENTS (KOHA)
Koha item type Books
Holdings
Withdrawn status Lost status Damaged status Not for loan Home library Current library Date acquired Cost, normal purchase price Full call number Accession Number Koha item type
        RRII Library RRII Library 16/12/2021 32.00 632.937 BAK 17251 Books